[Event "Barcelona Vila Gracia op 8th"]
[Site "Barcelona"]
[Date "2014.10.10"]
[Round "3.9"]
[White "Salgado Cea, Gorka"]
[Black "Corominas Garrido, Jordi"]
[Result "0-1"]
[WhiteElo "1959"]
[BlackElo "2077"]
[PlyCount "64"]
[EventDate "2014.09.26"]
[EventType "swiss"]
[EventRounds "9"]
[EventCountry "ESP"]
[SourceTitle "EXT 2024"]
[Source "ChessBase"]
[SourceDate "2023.10.10"]
[SourceVersion "1"]
[SourceVersionDate "2023.10.10"]
[SourceQuality "1"]

1. e4 e6 2. d4 d5 3. e5 c5 4. c3 Nc6 5. Nf3 Qb6 6. Be2 Nh6 7. Bxh6 gxh6 8. Qb3 c4 9. Qxb6 axb6 10. 0-0 b5 11. h3 Bd7 12. Nh2 b4 13. Ng4 Bg7 14. f4 Ke7 15. f5 exf5 16. Ne3 Be6 17. Nxf5+ Bxf5 18. Rxf5 bxc3 19. bxc3 b5 20. Nd2 b4 21. Raf1 Rhf8 22. Nxc4 dxc4 23. Bxc4 f6 24. exf6+ Bxf6 25. Re1+ Kd7 26. Rd5+ Kc7 27. cxb4 Nxb4 28. Rc5+ Nc6 29. Rd1 Be7 30. Rh5 Rf6 31. Rc1 Ba3 32. Rd1 Ra4 0-1

[Event "San Sebastian op 36th"]
[Site "San Sebastian"]
[Date "2013.03.26"]
[Round "5"]
[White "Savolainen, Lev P"]
[Black "Salgado Cea, Gorka"]
[Result "0-1"]
[WhiteElo "2107"]
[BlackElo "1855"]
[PlyCount "66"]
[EventDate "2013.03.23"]
[EventType "swiss"]
[EventRounds "9"]
[EventCountry "ESP"]
[SourceTitle "CBM 153 Extra"]
[Source "ChessBase"]
[SourceDate "2013.04.22"]
[SourceVersion "1"]
[SourceVersionDate "2013.04.22"]
[SourceQuality "1"]

1. d4 Nf6 2. c4 e6 3. Nc3 Bb4 4. Qc2 0-0 5. Bg5 h6 6. Bxf6 Qxf6 7. Nf3 Nc6 8. e3 d5 9. cxd5 exd5 10. a3 Bf5 11. Qb3 Bxc3+ 12. Qxc3 Qd6 13. Rc1 Rac8 14. Be2 Ne7 15. 0-0 c6 16. Nd2 Bh7 17. f3 Rcd8 18. Nb3 Nf5 19. Rfe1 Rfe8 20. Bf1 Qg6 21. Qd2 Qg5 22. Rc3 Re7 23. g3 Rde8 24. Kf2 Nd6 25. Na5 Qf6 26. Kg2 g5 27. h3 h5 28. g4 hxg4 29. hxg4 Qh6 30. Qf2 Ne4 31. Qg1 Nxc3 32. bxc3 f5 33. Kf2 Qh4+ 0-1

[Event "San Sebastian Primavera de Gros op 8th"]
[Site "San Sebastian"]
[Date "2012.04.28"]
[Round "2"]
[White "Rodriguez Cabrera, Francisco Javier"]
[Black "Salgado Cea, Gorka"]
[Result "1-0"]
[WhiteElo "1970"]
[BlackElo "1889"]
[PlyCount "48"]
[EventDate "2012.04.21"]
[EventType "swiss"]
[EventRounds "7"]
[EventCountry "ESP"]
[SourceTitle "EXT 2014"]
[Source "ChessBase"]
[SourceDate "2013.11.20"]
[SourceVersion "1"]
[SourceVersionDate "2013.11.20"]
[SourceQuality "1"]

1. e4 c5 2. Nf3 d6 3. d4 cxd4 4. Nxd4 Nf6 5. Nc3 a6 6. Be3 e5 7. Nb3 Be7 8. Bd3 Be6 9. a4 Nbd7 10. 0-0 0-0 11. Nd5 Rc8 12. c4 Ng4 13. Bd2 Bg5 14. Bc3 Nh6 15. Nd2 Nc5 16. Bc2 f5 17. f4 exf4 18. h4 Bxh4 19. Nxf4 Bd7 20. b4 Nxe4 21. Nxe4 fxe4 22. Qd5+ Kh8 23. Nh5 Rg8 24. Qxe4 Qg5 1-0